Estadísticas para Preguntas de Latinoamerica 2

Haz click aquí para intentar la prueba.

Estadísticas generales

  • Esta prueba ha sido intentada 15 veces
  • La puntuación promedio es 8 de 16

Estadísticas de respuestas

PreguntaRespuesta% Correcto
________ Es el País que colonizo BrasilPortugal
82%
Estado de USA que pertenecio al Imperio mexicanoCalifornia/Nevada/Nuevo México/Arizona/Texas
73%
País que tuvo el terremoto más Fuerte en AmericaChile
73%
País en el que se dice AguacateMéxico
73%
País con más copas que Argentina (En los mundiales)Brasil
64%
Comida más conocida del PerúCeviche
64%
¿Que Guyana sigue siendo de un País Europeo?Guyana Francesa
64%
País que participo en la guerra del 41Ecuador/Perú
55%
País que colonizo SurinamHolanda/Países Bajos
55%
La Ciudad de ______ Es la capital de ______México
55%
______ participo en 2 Guerra Mundial contra JaponMexico
55%
Nombre Colonial de BoliviaAlto Perú
27%
¿Que perdio bolivia en la Guerra del Pacifico?Salida al Mar
27%
El _ de ____ Sucedio la Batalla de Puebla5 de Mayo
18%
Guerra en la que se disolvio la Gran ColombiaGuerra Gran Colombo-Peruana
9%
Las Lineas de _____ Se encuentran en _____ Ubicado en PerúPerú
9%

Distribución de puntuación

Porcentaje por número respondido

Porcentaje de gente con cada puntuación

Historial de tus puntuaciones

No has intentado esta prueba.